[Event "IECG TG.2006.0.15555"]
[Site "IECG email"]
[Date "2006.01.22"]
[Round "2"]
[White "Catrette, Scott"]
[Black "Holopainen, Jani"]
[Result "0-1"]
[WhiteElo "1200"]
[BlackElo "1238"]
[PlyCount "76"]
[EventDate "2006.01.22"]
[EventType "match (corr)"]
[EventRounds "2"]
[SourceTitle "Corr 2008"]
[Source "ChessBase"]
[SourceDate "2008.06.24"]
[SourceVersion "1"]
[SourceVersionDate "2008.06.24"]
[SourceQuality "1"]

1. e4 c5 2. Nf3 d6 3. d4 cxd4 4. Nxd4 g6 5. Nc3 Nf6 6. Bc4 Bg7 7. Be3 a6 8. f3 0-0 9. Qd2 e5 10. Nde2 Nc6 11. 0-0-0 h5 12. h4 Bd7 13. Qxd6 Be6 14. Bxe6 Qxd6 15. Bxf7+ Rxf7 16. Rxd6 Rd8 17. Rxd8+ Nxd8 18. a4 Rd7 19. Bg5 Nc6 20. f4 Nd4 21. fxe5 Nxe2+ 22. Nxe2 Nxe4 23. e6 Rd6 24. Nf4 Kf8 25. Re1 Rd4 26. b3 Nxg5 27. Nxg6+ Ke8 28. hxg5 Rg4 29. Kd2 Rxg2+ 30. Kd3 Rxg5 31. Nf4 Be5 32. Nh3 Rg3+ 33. Ke4 Bc7 34. Nf4 Rg4 35. Rf1 Ke7 36. Kf5 Rxf4+ 37. Rxf4 Bxf4 38. Kxf4 Kxe6 0-1